000 01503ngm a22003610a 4500
001 PT47775
003 AR-LpoUNG
005 20210202000030.0
007 vd cvaizq
008 191001s2003||||ag |||||||||||||||||spa d
037 _c$2,50
040 _aAR-LpoUNG
_bspa
_cAR-LpoUNG
_eaacr
041 _aspa
044 _aag
082 0 _a792.028 436pat
100 1 _aRest, Marcelo
_edir.
245 1 0 _aPatricios Argentina :
_bprimer encuentro nacional de teatro comunitario
260 _aBuenos Aires :
_bADN,
_c2003.
300 _aDVD (ca. 42 min.) : son., col.
505 0 _aCámara: Ignacio Masllorens. Caminante: Diego Cáceres. Locución: Jorge Jeifetz. Estreno: diciembre 2003.
520 _aDurante dos días de diciembre de 2003 en un pueblo apartado a 260 km. de Capital Federal confluyen siete grupos de teatro comunitario en lo que se llamó el Primer Encuentro Nacional de Teatro Comunitario. Trescientos cincuenta actores-vecinos, entre ellos cincuenta habitantes de Patricios, y gran cantidad de público rescatan la memoria colectiva y cuestionan el presente. Un hombre de traje negro, un caminante, llega al pueblo en el momento del evento y es testigo de la sorpresa, el caos, la magia, el espíritu de fiesta.
650 4 _aARGENTINA
650 4 _aCULTURA
650 4 _aCULTURA POPULAR
650 4 _aTEATRO
651 4 _aArgentina
653 _aCINE ARGENTINO
653 _aDOCUMENTALES
653 _aDVD
653 _aVIDEOS
905 _a47775
942 _cDVD
999 _c53989
_d53989